000 00472nam a2200193Ia 4500
003 GCL
008 140319s9999 xx 000 0 eng d
020 _a0792227360
040 _aGCL /
_cGCL
082 0 4 _a363.34
_bB R
245 1 0 _aRAGING FORCES
260 _aنيويورك :
_bNATIONAL GEOGRAPHIC SOCIETY ،
_c1995
300 _a26 CM ؛
_c200 P
650 0 4 _aEARTH
650 0 4 _aEARTHQUAKES
650 0 4 _aNATURAL DISASTERS
650 0 4 _aSTORMS
942 _2ddc
_cBK
999 _c4689
_d4689